Kraje Trójmorza - Statystyki

Ogólne statystyki
  • Ten quiz został rozwiązany 792 razy
  • Średni wynik to 11 z 14
Statystyki odpowiedzi
morze do którego ma dostęp ten kraj Nazwa Kraju % Poprawnych
Bałtyckie Polska
100%
Bałtyckie Estonia
97%
Bałtyckie Litwa
97%
Bałtyckie Łotwa
97%
Adriatyckie Chorwacja
85%
Czarne Rumunia
84%
Czarne Bułgaria
82%
Brak Czechy
82%
Adriatyckie Słowenia
82%
Brak Słowacja
81%
Brak Węgry
79%
Brak Austria
72%
Brak Mołdawia
61%
WSPARCIE USA
44%
Nie znaleziono quizów pasujących do podanych kryteriów
Rozkład punktacji
Procent ludzi z każdym wynikiem
Percentyl według liczby udzielonych odpowiedzi
Twoja historia wyników
Nie rozwiązałeś tego quizu